<?xml version="1.0" encoding="UTF-8"?><?xml-stylesheet type="text/xsl" href="static/style.xsl"?><OAI-PMH xmlns="http://www.openarchives.org/OAI/2.0/" xmlns:xsi="http://www.w3.org/2001/XMLSchema-instance" xsi:schemaLocation="http://www.openarchives.org/OAI/2.0/ http://www.openarchives.org/OAI/2.0/OAI-PMH.xsd"><responseDate>2026-04-13T13:43:06Z</responseDate><request verb="GetRecord" identifier="oai:www.recercat.cat:2117/446507" metadataPrefix="marc">https://recercat.cat/oai/request</request><GetRecord><record><header><identifier>oai:recercat.cat:2117/446507</identifier><datestamp>2026-03-20T06:29:15Z</datestamp><setSpec>com_2072_1033</setSpec><setSpec>col_2072_452950</setSpec></header><metadata><record xmlns="http://www.loc.gov/MARC21/slim" xmlns:dcterms="http://purl.org/dc/terms/" xmlns:xsi="http://www.w3.org/2001/XMLSchema-instance" xmlns:doc="http://www.lyncode.com/xoai" xsi:schemaLocation="http://www.loc.gov/MARC21/slim http://www.loc.gov/standards/marcxml/schema/MARC21slim.xsd">
   <leader>00925njm 22002777a 4500</leader>
   <datafield ind2=" " ind1=" " tag="042">
      <subfield code="a">dc</subfield>
   </datafield>
   <datafield ind2=" " ind1=" " tag="720">
      <subfield code="a">Simoncelli, Alejandro Ezequiel</subfield>
      <subfield code="e">author</subfield>
   </datafield>
   <datafield ind2=" " ind1=" " tag="720">
      <subfield code="a">Buglioni, Luciano</subfield>
      <subfield code="e">author</subfield>
   </datafield>
   <datafield ind2=" " ind1=" " tag="720">
      <subfield code="a">Martinez Krahmer, Daniel</subfield>
      <subfield code="e">author</subfield>
   </datafield>
   <datafield ind2=" " ind1=" " tag="720">
      <subfield code="a">Sánchez Egea, Antonio José</subfield>
      <subfield code="e">author</subfield>
   </datafield>
   <datafield ind2=" " ind1=" " tag="260">
      <subfield code="c">2025-06-07</subfield>
   </datafield>
   <datafield ind2=" " ind1=" " tag="520">
      <subfield code="a">Single Point Incremental Forming (SPIF) is a versatile process for producing small batches or custom components in precision-demanding industries. This dieless metal forming technique utilizes a hemispherical-tipped tool that follows a controlled trajectory. While SPIF offers flexibility and high formability, challenges related to geometric accuracy and springback persist. This study investigates the impact of machine compliance on geometric accuracy and forming forces during stainless steel SPIF using both a CNC machine and a robot, combining experimental tests and FEM analysis. The results reveal that the CNC machine is approximately 2.5, 4, and 11 stiffer than the robot in the X, Y, and Z directions, respectively. CNC-formed parts demonstrated lower wall angle deviations (e.g., 0.02–0.05° vs. 0.14–0.18° for the robot) and smaller springback distortions in truncated cones. Conversely, the robot achieved 45.6% lower surface roughness (e.g., 0.72–1.14 µm vs. 1.41–1.86 µm for CNC) across all geometries. Regarding forming forces, CNC exhibited 15–24% higher in-plane forces but 2–20% lower Z-forces compared to the robot, with total forces remaining similar (difference below 3%). Finite element simulations corroborated these trends but underestimated lateral forces due to shell-element limitations. These findings highlight the trade-offs between stiffness, accuracy, and surface quality, providing actionable insights for selecting SPIF systems based on application priorities.</subfield>
   </datafield>
   <datafield ind2=" " ind1=" " tag="520">
      <subfield code="a">This work was supported by the Serra Húnter program (Generalitat de Catalunya) under reference number UPC-LE-304 (2018) and the Fondo de Innovación Tecnológica de Buenos Aires (FITBA) under reference number 2024-319A.</subfield>
   </datafield>
   <datafield ind2=" " ind1=" " tag="520">
      <subfield code="a">Peer Reviewed</subfield>
   </datafield>
   <datafield ind2=" " ind1=" " tag="520">
      <subfield code="a">Postprint (published version)</subfield>
   </datafield>
   <datafield tag="653" ind2=" " ind1=" ">
      <subfield code="a">Àrees temàtiques de la UPC::Enginyeria mecànica</subfield>
   </datafield>
   <datafield tag="653" ind2=" " ind1=" ">
      <subfield code="a">SPIF</subfield>
   </datafield>
   <datafield tag="653" ind2=" " ind1=" ">
      <subfield code="a">Stiffness</subfield>
   </datafield>
   <datafield tag="653" ind2=" " ind1=" ">
      <subfield code="a">Forming forces</subfield>
   </datafield>
   <datafield tag="653" ind2=" " ind1=" ">
      <subfield code="a">FEM</subfield>
   </datafield>
   <datafield tag="653" ind2=" " ind1=" ">
      <subfield code="a">CNC</subfield>
   </datafield>
   <datafield tag="653" ind2=" " ind1=" ">
      <subfield code="a">Roboforming</subfield>
   </datafield>
   <datafield ind2="0" ind1="0" tag="245">
      <subfield code="a">Effects of machine compliance on forming accuracy and forces in SPIF of AISI 430</subfield>
   </datafield>
</record></metadata></record></GetRecord></OAI-PMH>